• 首页
  • 本馆介绍
  • 公告通知
  • 最新文献
  • 馆藏检索
  • 电子资源
  • 读者导购
  • 参考咨询
  • 我的图书馆
  • 登录
  • 详细信息显示
  • 放入我的书架
  • 预约/预借图书
  • 作者相关作品
  • 分类相关作品
  • 丛书相关作品
  • 出版社相关作品

书目信息

  • 表格格式
  • 工作单格式
  • 卡片格式
题名:
曹操集
    
 
作者: ;中华书局 编辑
分册: 下册  
出版信息: 北京   中华书局出版  1974
页数: 233-459页
开本: 26cm
丛书名:
单 册:
中图分类: I213.62
科图分类:
主题词:
电子资源:
ISBN:
000 00433nam0 2200169 45
001 0181014337
005 20060803145347.57
010    @dCNY4.00(上下册)
100    @a20810111d1974 km y0chiy0120 ea
101 0  @achi
200 1  @Acao cao ji@a曹操集@h下册@f中华书局编辑
210    @a北京@c中华书局出版@d1974
215    @a233-459页@d26cm
690    @aI213.62
711 0  @a中华书局@4编辑
801    @aCN@bTSTC@c20060803
905    @dI213.62@e468:2
    
    曹操集.下册/中华书局编辑.-北京:中华书局出版,1974
    233-459页;26cm
    
    
    ISBN :CNY4.00(上下册)
    
●
相关链接 在E读中查询图书 在五车中查询图书 在当当中查询图书 在豆瓣中查询图书


正题名:曹操集     索取号:I213.62/468:2         预约/预借

序号 登录号 条形码 馆藏地/架位号 状态 备注
1 0449215   204492156   密集书库/ [索取号:I213.62/468:2] 在馆    
2 0449216   204492165   密集书库/ [索取号:I213.62/468:2] 已借出,限还日期为2026.03.16
借出人:张浩珍  
 
唐山师范学院图书馆 欢迎您!
大连网信软件有限公司© 版权所有